LEADER 00868nam0-22003011i-450- 001 990006425450403321 005 20051020100516.0 010 $a88-24-50564-3 035 $a000642545 035 $aFED01000642545 035 $a(Aleph)000642545FED01 035 $a000642545 100 $a20010109d1999----km-y0itay50------ba 101 0 $aita 105 $ay-------001yy 200 1 $aRicchezza del mondo, povertà delle nazioni$fDaniel Cohen 210 $a[Torino]$cEdizioni di Comunità$dc1999 215 $a149 p.$d21 cm 225 1 $aConfini di Comunità$v3 676 $a337.09045$v21$zita 700 1$aCohen,$bDaniel$0120391 801 0$aIT$bUNINA$gRICA$2UNIMARC 901 $aBK 912 $a990006425450403321 952 $a337.09 COH 1$bBibl.35841$fFLFBC 959 $aFLFBC 996 $aRicchezza del mondo, povertà delle nazioni$9198428 997 $aUNINA LEADER 00930nam0-2200301 --450 001 9910292847103321 005 20181127150308.0 010 $a978-88-575-3665-1 020 $aIT$b2017-3790 100 $a20181127d2016----kmuy0itay5050 ba 101 0 $aita 102 $aIT 105 $a 001yy 200 1 $aIntimi universi$eun viaggio attraverso spazi, arredi e vissuti domestici$fIrene Sartoretti$gprefazione di Giampaolo Nuvolati 210 $aMilano$aUdine$cMimesis$d2016 215 $a163 p.$cill.$d21 cm 225 1 $aMimesis. Eterotopie$v349 610 0 $aAbitazioni$aArredamento$aSociologia 676 $a392.36$v23$zita 700 1$aSartoretti,$bIrene$0760344 702 1$aNuvolati,$bGiampaolo 801 0$aIT$bUNINA$gREICAT$2UNIMARC 901 $aBK 912 $a9910292847103321 952 $aCOLLEZ. 2467 (349)$b2541/2018$fFSPBC 959 $aFSPBC 996 $aIntimi universi$91538279 997 $aUNINA